Normal view
MARC view
- Sapos
Entry Materia
001 - NÚMERO DE CONTROL DEL REGISTRO
- campo de control: 12202
003 - IDENTIFICADOR DE NUMERO DE CONTROL
- campo de control: MX-MxUPN
005 - FECHA Y HORA DE LA ÚLTIMA TRANSACCIÓN
- campo de control: 20240411121713.0
008 - DATOS DE LONGITUD FIJA
- campo de control de longitud fija: 240411nn fnnnnbabb n |na |d
035 ## - NÚMERO DE CONTROL DEL SISTEMA
- Número de control del sistema: UPN10000012209
040 ## - FUENTE DE LA CATALOGACIÓN
- Lengua de catalogación: spa
- Centro catalogador de origen: MX-MxUPN
150 ## - ENCABEZAMIENTO - TEMÁTICO
- Término de materia o nombre geográfico como elemento inicial: Sapos
- Subdivisión de forma: Cuentos y leyendas
670 ## - FUENTE EN LA QUE SE LOCALIZARON DATOS
- Cita de la fuente: Escamilla González, G. Lista de encabezamientos de materia, 1978 :
- Información localizada: página 293 (Elefantes - Cuentos y leyendas)
902 ## - CATALOGADOR
- Catalogador: MITM181103
- Catalogador: VíctorGodínez/110424
